Top 15 der betroffenen Covid-19-Länder - 11. Juli - Statistiken

Allgemein
  • Dieses Quiz wurde 21 mal gespielt
  • Das Durchschnittsergebnis liegt bei 13 aus 25
Antwortstatistiken
Land % Korrekt
Vereinigte Staaten
100%
Brasilien
95%
Italien
95%
Spanien
90%
Mexiko
80%
Indien
75%
Russland
75%
Peru
70%
Vereinigtes Königreich
65%
Iran
60%
Chile
50%
Chile
50%
Schweden
50%
Türkei
45%
Pakistan
40%
Südafrika
35%
Weißrussland
30%
Katar
25%
Oman
25%
Saudi-Arabien
25%
Armenien
20%
Bahrain
20%
Kuwait
20%
Panama
20%
Singapur
15%
Keine übereinstimmenden Quizze gefunden
Verteilung der Resultate
Anzahl Personen mit jedem Resultat
Perzentil nach korrekt beantworteten Fragen
Ihre Resultats-Entwicklung
Sie haben dieses Quiz noch nicht gespielt